| 000 | 00339nam a2200133Ia 4500 | ||
|---|---|---|---|
| 008 | 210210b1993 xxu||||| |||| 00| 0 eng d | ||
| 082 | _a070 PURC | ||
| 100 | _aPURI (G K). | ||
| 245 | _aCompetition success review: journalism. | ||
| 260 |
_aDelhi _bCompetition review Ltd. _c1993 |
||
| 300 | _a180 | ||
| 690 | _aJournalism | ||
| 906 | _a047823 | ||
| 999 |
_c96955 _d96955 |
||